000 01290nam a2200325 i 4500
001 000014932
003 DO-SdBNP
005 20250401130908.0
007 ta
008 100127s2005 dr ad r 001 0 spa d
020 _a9993455814
040 _aDO-SdBNP
_bspa
_cBNPHU
_erda
082 4 _a303.44
_bP964in, 2005
_222
110 2 _aPrograma de las Naciones Unidas para el Desarrollo
_9187
245 1 0 _aInforme nacional de desarrollo humano República Dominicana 2005 :
_bhacia una inserción mundial incluyente y renovada.
246 1 3 _aHacia una inserción mundial incluyente y renovada
264 _aSanto Domingo :
_bPrograma de las Naciones Unidas para el Desarrollo,
_c2005.
300 _a376 páginas :
_bilustraciones, gráficos ;
_c29 cm.
336 _2rdacontent
_atexto
_btxt
337 _2rdamedia
_asin mediación
_bnc
338 _2rdacarrier
_avolumen
_bn
590 _aInventariado, 2018/BT
650 4 _aDesarrollo humano
_9213
651 4 _aRepública Dominicana
_xCondiciones económicas
_9281
651 4 _aRepública Dominicana
_xCondiciones sociales
_946
651 4 _aPolítica De Turismo
_zRepública Dominicana
_933802
651 4 _aEmigración e inmigración
_xAspectos económicos
_933803
910 _aValidado. Control de calidad. MMOLINA
942 _2ddc
_cLBS1
999 _c14512
_d14512